00537nam a2200181 i 450000100060000000300090000600500170001500700030003200800410003510000320007624500890010826000390019730000280023649000180026470000330028283000180031585200220033322458ES-MaACL20240127062958.0t|021203s1986 gw ||||1| ger d0 aDante Alighieri,d1265-132114aThe divine comedy / cof Dante Alighieri ; translated by Henry Wadsworth Longfellow. aLeipzig : bBem Tanchmitz, c1986. a2 t. en 1 v. ; c16 cm.1 aBrist authors1 aWadsworth Longfellow, Henry.1 aBrist authors aES-MaACLjG-12420